Triple Clue Phrases Quiz Stats

 Plays Quiz Updated Jul 5, 2013

Also try: Pattern Sleuth
Challenge
Share
Tweet
Embed
Score 0/11 Timer 07:00
1 Play Today
The Three Component Clues Creative Phrase % Correct
(1) Ali Baba's phrase to enter a cave
(2) TV show with Elmo and Big Bird
(3) Festive social gathering on a neighbourhood road
Open Sesame Street Party
91.6%
(1) Madonna's first Billboard #1 single (3 wds)
(2) Jesus' mother
(3) Umbrella-flying nanny
...Like a Virgin Mary Poppins
88.9%
(1) “__ __ __ to tango”
(2) Charlie Sheen preceded Ashton Kutcher on this TV show
(3) Alien-fighting movie trilogy starring Will Smith
It Takes Two and a Half Men in Black
81.9%
(1) Meteoroids briefly flashing across night sky (2 wds)
(2) Jewish symbols made of two interlocking triangles
(3) English football (soccer) celebrity married to Posh Spice
Shooting Stars of David Beckham
80.8%
(1) 2008 Pixar Film about a little load-lifting robot
(2) Spielberg’s friendly alien of 1982
(3) Fearsome carnivorous dinosaur (abbrev.)
WALL-E T-Rex
78.3%
(1) Common nighttime paranoia when the lights are off (4 wds)
(2) Ledger and Bale’s Batman film
(3) King Arthur’s men (5 wds)
Fear of the Dark Knights of the Round Table
76.9%
(1) 1972 crime-family film saga (2 wds)
(2) Paternal celebration, often the 3rd Sunday in June
(3) An awake fantasy, where you are “lost in your own world”
The Godfather's Daydream
74.4%
(1) 1956 Kerr-Brynner musical, about royalty in Siam (4 wds)
(2) Phrase of affection to one's sweet-heart (3 wds)
(3) Video sharing website
The King and I love YouTube
72%
(1) Famous composer's symphony (not Mozart's 4th or Mahler's 6th)
(2) If a thumb is 1st, a pinkie is a hand's __ __
(3) A kid's messy artwork without using brushes (2 wds)
Beethoven's Fifth Finger Painting
67.5%
(1) Monty Hall's 'trading' TV game show (4 wds)
(2) If you sell your soul to Satan, you've “made a __ __ __ __
(3) Appetizer with 'whites' and a garnished yolk mixture
Let's make a deal with the deviled eggs...
63.3%
(1) U.S. President at start of Iraq War (first & last names)
(2) African nocturnal primate, or 'Galago'
(3) Britney Spears' first hit single (4 wds)
'George Bush: Baby, one more time!'
50.2%

You're not logged in!

Compare scores with friends on all Sporcle quizzes.
OR
Log In

You Might Also Like...

Show Comments

Extras

Top Quizzes Today


Score Distribution

Your Account Isn't Verified!

In order to create a playlist on Sporcle, you need to verify the email address you used during registration. Go to your Sporcle Settings to finish the process.

Report this User

Report this user for behavior that violates our Community Guidelines.

Details: